000 00590nam a2200181 i 4500
001 139200
003 ES-MaACL
005 20250801083636.0
007 t|
008 070214s1912 fr r ||||1| fre d
100 1 _aScelle, Georges.
_9104157
245 1 0 _aThéories relatives a l'esclavage en Espagne au XVIIe siècle /
_cpar Georges Scelle.
260 _aParis :
_bMarcel Riviére,
_c1912.
500 _aDe la `Revue d'histoires des doctrines économiques et sociales`, año 1912.
650 7 _aEsclavitud
_2embne
_912358
852 _aES-MaACL
_jT-1435-F-6
999 _c139200
_d139200